000 00465nam a2200193Ia 4500
008 101110s9999 xx 000 0 und d
041 _aMARATHI
082 _bJR1560
100 _aKshirsagar N.R., Joshi S.A.
245 _aVyapar Sangathan Std. XI
365 _b19.5
520 _aCommerce
546 _aMARATHI
630 _aVyapar Sangathan Std. XI
650 _aCommerce
655 _aCommerce
730 _aVyapar Sangathan Std. XI
942 _cBOOK
999 _c793867
_d793864